000 00541nam a22001697a 4500
005 20251108173548.0
008 250721s2002 xx 000 0 ara d
082 1 4 _a925/ريب
100 1 _aريبين, ليونيد
245 1 0 _aأسماء و صيغ : قصص عن العلمياء للناشئة /
264 1 _aسوريا :
_bدار الطليعة الجديدة،
_c2002.
650 1 7 _aالعلماا
650 1 7 _aالتراجم
700 1 _aأبو جمرة, عاطف كامل
_eمترجم
942 _2ddc
_cBK
999 _c106876
_d106876